| 000 | 00928cam a22001935a 4500 | ||
|---|---|---|---|
| 001 | L156028 | ||
| 008 | 120425s1832 xxk f 000 0 eng d | ||
| 035 | _a(Sirsi) u156028 | ||
| 041 | 0 | _aeng | |
| 245 | 0 | 0 |
_aCatalogue of the magnificent assemblage of property at Erlestoke Mansion near Devizes, in Wilts _baccumulated, within this far-famed abode of taste and vertu, during the last twenty years, at an enormous expense, the whole selected by George Watson Taylor, Esq. M.P. ... which will be sold by auction, by Mr. George Robins, on the premises, on Monday, the 9th day of July, 1832 ... |
| 260 |
_a[London _bG. Robins _c1832] |
||
| 300 |
_a220 p., [1] leaf of plates _bill. _c28 cm. |
||
| 583 |
_aCondition reviewed _c20120620 _lcondition level 4 |
||
| 651 | 4 |
_aGreat Britain _y1707- |
|
| 690 |
_aAuctioneering _96218 |
||
| 700 | 1 |
_aWatson-Taylor, George _dd. 1841 |
|
| 700 | 1 |
_aRobins, George Henry _d1778-1847 |
|
| 942 | _n0 | ||
| 999 |
_c113990 _d113990 |
||